| 000 | 00809cam a22001934a 4500 | ||
|---|---|---|---|
| 005 | 20250605164049.0 | ||
| 008 | 250528s ||||||||||||||||||||||||d | ||
| 035 | _a17233 | ||
| 020 | _a198284462 | ||
| 040 |
_aGR-AtMCL _bgre _dGR-AtMCL _eAACR2 |
||
| 245 | 1 | _aThe Economic History of Eastern Europe 1919-1975 / Volume III: Institutional Change within a Planned Economy | |
| 260 |
_bClarendon Press, _c1986 |
||
| 300 | _a306 | ||
| 520 | _aNotes, Acknowledements, Map 5. East Europe on 1 August 1975, 1950 to 1953: The Peak of Stalinism, 1953 to 1956: The ''Thaw'' and the ''New Course'', 1957 to 1965: In Search of Balanced Development, 1966 to 1975: Normalization and Conflict, The Foreign Trade System, Index. | ||
| 700 | 1 |
_aKaser C. M _93393 |
|
| 942 | _cBK | ||
| 999 |
_c2663 _d2663 |
||